[Event "ENCI Limburg-open A"]
[Site "Maastricht"]
[Date "2011.06.13"]
[Round "6"]
[White "Coenen, Michael"]
[Black "Hovhanisian, Mher"]
[Result "0-1"]
[WhiteElo "2337"]
[BlackElo "2472"]
[PlyCount "82"]
[EventDate "2011.06.10"]
[EventType "swiss"]
[EventRounds "7"]
[EventCountry "NED"]
[Source "P.Boonen"]
[SourceDate "2012.01.01"]

1. e4 e6 2. d4 d5 3. Nd2 Nf6 4. e5 Nfd7 5. Bd3 c5 6. c3 Nc6 7. Ne2 a5 8. O-O a4
9. f4 a3 10. b3 cxd4 11. cxd4 g6 12. Nf3 Nb4 13. Bb1 Nb8 14. Ne1 Bd7 15. Rf3
Bb5 16. Nc3 Qb6 17. Nxb5 Qxb5 18. Be3 N8c6 19. Rf2 Be7 20. Nf3 Qb6 21. g3 Na7
22. Bd2 Nb5 23. Kg2 O-O 24. g4 Rfc8 25. f5 Nc6 26. Be3 Nc3 27. Qf1 Ne4 28. Bxe4
dxe4 29. Nd2 Nxe5 30. fxg6 fxg6 31. dxe5 Qxe3 32. Re1 Qd4 33. Nxe4 Bh4 34. Rf4
Qd5 35. Re2 Rf8 36. Kg1 Rxf4 37. Qxf4 Qd1+ 38. Qf1 Qd4+ 39. Kg2 Rf8 40. Nf6+
Bxf6 41. exf6 Rxf6 0-1

[Event "ENCI Limburg-open A"]
[Site "Maastricht"]
[Date "2011.06.13"]
[Round "6"]
[White "Cornelisse, John"]
[Black "Roos, Adrian"]
[Result "1-0"]
[WhiteElo "2210"]
[BlackElo "2127"]
[PlyCount "97"]
[EventDate "2011.06.10"]
[EventType "swiss"]
[EventRounds "7"]
[EventCountry "NED"]
[Source "P.Boonen"]
[SourceDate "2012.01.01"]

1. c4 Nf6 2. g3 e6 3. Bg2 d5 4. Nf3 d4 5. O-O Nc6 6. e3 Be7 7. d3 O-O 8. Na3 a5
9. exd4 Nxd4 10. Nxd4 Qxd4 11. Nb5 Qd7 12. d4 c6 13. Nc3 Rd8 14. Be3 Qe8 15.
Qe2 Qf8 16. Rad1 Bd7 17. Na4 Be8 18. Nb6 Ra6 19. c5 Nd5 20. Bxd5 cxd5 21. Bf4
Bc6 22. Bc7 Re8 23. b3 Bd8 24. Bxd8 Rxd8 25. a4 Re8 26. f4 g6 27. g4 Qg7 28.
Rf3 Qf6 29. Kg2 Qh4 30. Re3 Rf8 31. Rf1 Qf6 32. Re5 Qh4 33. g5 h6 34. Re3 h5
35. Rh3 Qg4+ 36. Qxg4 hxg4 37. Rh4 Kg7 38. Rxg4 Rh8 39. Rg3 Rh5 40. Rh3 Rxh3
41. Kxh3 Be8 42. Kg4 f5+ 43. gxf6+ Kxf6 44. Re1 Ra7 45. Nxd5+ exd5 46. Rxe8 b6
47. Rc8 bxc5 48. Rxc5 Rb7 49. Rb5 1-0

[Event "ENCI Limburg-open A"]
[Site "Maastricht"]
[Date "2011.06.13"]
[Round "6"]
[White "Cox, Jan"]
[Black "Van Foreest, Jorden"]
[Result "0-1"]
[WhiteElo "1955"]
[BlackElo "2082"]
[PlyCount "70"]
[EventDate "2011.06.10"]
[EventType "swiss"]
[EventRounds "7"]
[EventCountry "NED"]
[Source "P.Boonen"]
[SourceDate "2012.01.01"]

1. e4 c6 2. d4 d5 3. Nc3 dxe4 4. Nxe4 Bf5 5. Ng3 Bg6 6. h4 h6 7. Nf3 Nd7 8. h5
Bh7 9. Bd3 Bxd3 10. Qxd3 e6 11. Bf4 Qa5+ 12. Bd2 Bb4 13. c3 Be7 14. c4 Qc7 15.
O-O-O Ngf6 16. Bc3 O-O 17. Kb1 Rfd8 18. Qe2 Bf8 19. Ne5 b5 20. Rde1 Re8 21. Bd2
bxc4 22. Qxc4 Nxe5 23. dxe5 Nd5 24. Qg4 Kh8 25. f4 Rab8 26. b3 a5 27. Re4 f6
28. exf6 Nxf6 29. Qg6 Nxe4 30. Nxe4 Qd7 31. Rc1 Bb4 32. Rxc6 Rbc8 33. Rxc8 Rxc8
34. Nf6 gxf6 35. Qxh6+ Qh7+ 0-1

[Event "ENCI Limburg-open A"]
[Site "Maastricht"]
[Date "2011.06.13"]
[Round "6"]
[White "Dalemans, Diana"]
[Black "Bezemer, Arno"]
[Result "0-1"]
[WhiteElo "1947"]
[BlackElo "2335"]
[PlyCount "108"]
[EventDate "2011.06.10"]
[EventType "swiss"]
[EventRounds "7"]
[EventCountry "NED"]
[Source "P.Boonen"]
[SourceDate "2012.01.01"]

1. e4 c5 2. Nf3 d6 3. d4 cxd4 4. Nxd4 Nf6 5. Nc3 a6 6. f4 e5 7. Nf3 Nbd7 8. a4
Be7 9. Bd3 O-O 10. O-O exf4 11. Kh1 Nh5 12. Nd5 Ndf6 13. Nxf4 Bg4 14. Nxh5 Bxh5
15. Be3 Bg6 16. Nd2 Qc7 17. Qf3 Qc6 18. Rfe1 Rfe8 19. Bg1 Bd8 20. Ra3 Ba5 21.
c3 Bc7 22. Raa1 Rad8 23. Bd4 d5 24. e5 Nd7 25. Bxg6 hxg6 26. Qg3 f6 27. Qxg6
fxe5 28. Qxc6 bxc6 29. Be3 Rb8 30. b4 Bd6 31. Nb3 d4 32. cxd4 Rxb4 33. Reb1
Reb8 34. Nd2 exd4 35. Bg1 c5 36. Rd1 Nf6 37. Nf3 Ne4 38. Re1 Nf6 39. Nd2 Bf4
40. Nf3 Nd5 41. g3 Be3 42. Bxe3 Nxe3 43. Rac1 Rf8 44. Ne5 Rb2 45. Nd3 Rd2 46.
Nf4 c4 47. Kg1 Rb8 48. h4 Rbb2 49. h5 c3 50. g4 Rf2 51. Rxe3 dxe3 52. Ng6 Rg2+
53. Kf1 Rbf2+ 54. Ke1 Rg1# 0-1

[Event "ENCI Limburg-open A"]
[Site "Maastricht"]
[Date "2011.06.13"]
[Round "6"]
[White "De Cauter, Wolfgang"]
[Black "Van den Ouden, Lendert"]
[Result "1/2-1/2"]
[WhiteElo "2014"]
[BlackElo "2016"]
[PlyCount "95"]
[EventDate "2011.06.10"]
[EventType "swiss"]
[EventRounds "7"]
[EventCountry "NED"]
[Source "P.Boonen"]
[SourceDate "2012.01.01"]

1. e4 c6 2. d3 d5 3. Nd2 e5 4. Qe2 Bd6 5. g3 Nf6 6. Bg2 O-O 7. Ngf3 Nbd7 8. O-O
Re8 9. Nh4 Qc7 10. Nf5 Bf8 11. Nb3 a5 12. a4 b6 13. f3 Ba6 14. g4 Nc5 15. Nxc5
Bxc5+ 16. Kh1 Nd7 17. Qe1 Nf8 18. h4 Ne6 19. Be3 Bxe3 20. Qxe3 Nf4 21. Rad1 d4
22. Qf2 c5 23. b3 b5 24. Ra1 bxa4 25. Rxa4 Bb5 26. Ra3 Ra6 27. Rfa1 Rea8 28.
Bf1 a4 29. bxa4 Rxa4 30. Rxa4 Rxa4 31. Rxa4 Bxa4 32. Qd2 Bb5 33. Qc1 g6 34.
Nh6+ Kg7 35. g5 Qa5 36. Ng4 Qc7 37. Qa3 Bd7 38. Nf6 h6 39. Nxd7 Qxd7 40. Qxc5
Qe6 41. Kh2 Kh7 42. Kg3 Nh5+ 43. Kf2 Nf4 44. Qc7 Kg8 45. Ke1 Kh7 46. Kd2 Kg7
47. Kc1 Qe8 48. Kd2 1/2-1/2

[Event "ENCI Limburg-open A"]
[Site "Maastricht"]
[Date "2011.06.13"]
[Round "6"]
[White "Driessens, Patrick"]
[Black "Bekker, Stefan"]
[Result "0-1"]
[WhiteElo "2324"]
[BlackElo "2162"]
[PlyCount "54"]
[EventDate "2011.06.10"]
[EventType "swiss"]
[EventRounds "7"]
[EventCountry "NED"]
[Source "P.Boonen"]
[SourceDate "2012.01.01"]

1. d4 d5 2. Nf3 Nf6 3. c4 c6 4. e3 e6 5. Nc3 Nbd7 6. Bd3 dxc4 7. Bxc4 b5 8. Bd3
Bb7 9. e4 b4 10. Na4 Qa5 11. O-O Be7 12. b3 c5 13. e5 Nd5 14. Re1 Rc8 15. Bd2
Nc3 16. Bxc3 bxc3 17. Nxc5 Nxc5 18. dxc5 Bxc5 19. Ng5 c2 20. Qe2 Bb4 21. Bb5+
Ke7 22. Qh5 g6 23. Qh4 Qxb5 24. Nxe6+ Kxe6 25. Qf6+ Kd7 26. Qxf7+ Kc6 27. a3
Qd5 0-1

[Event "ENCI Limburg-open A"]
[Site "Maastricht"]
[Date "2011.06.13"]
[Round "6"]
[White "Esser, Norbert"]
[Black "Koop, Soeren"]
[Result "1-0"]
[WhiteElo "2185"]
[BlackElo "2045"]
[PlyCount "99"]
[EventDate "2011.06.10"]
[EventType "swiss"]
[EventRounds "7"]
[EventCountry "NED"]
[Source "P.Boonen"]
[SourceDate "2012.01.01"]

1. e4 e5 2. Nf3 Nc6 3. Bb5 a6 4. Bxc6 dxc6 5. d4 exd4 6. Qxd4 Qxd4 7. Nxd4 Bd7
8. Nc3 O-O-O 9. Be3 Bb4 10. O-O-O Bxc3 11. bxc3 c5 12. Ne2 b6 13. Ng3 Ne7 14.
f3 Be6 15. a3 Rxd1+ 16. Rxd1 Rd8 17. Rxd8+ Kxd8 18. Nh5 g6 19. Nf6 h5 20. Bg5
Kc8 21. Nxh5 gxh5 22. Bxe7 Kd7 23. Bg5 b5 24. Kd2 a5 25. h3 b4 26. cxb4 cxb4
27. axb4 axb4 28. g4 hxg4 29. hxg4 c5 30. Bf6 c4 31. g5 b3 32. cxb3 cxb3 33.
Kd3 Bh3 34. f4 Bf1+ 35. Ke3 Ba6 36. Bb2 Ke8 37. Kd4 Bc8 38. Ke5 Bb7 39. Kf5 Kf8
40. e5 Bc8+ 41. Kf6 Bg4 42. Ba3+ Kg8 43. g6 fxg6 44. Kxg6 b2 45. Bxb2 Kf8 46.
Ba3+ Ke8 47. Kf6 Kd7 48. f5 Bh5 49. e6+ Ke8 50. Ke5 1-0

[Event "ENCI Limburg-open A"]
[Site "Maastricht"]
[Date "2011.06.13"]
[Round "6"]
[White "Fier, Alexandr"]
[Black "Ducarmon, Quinten"]
[Result "1-0"]
[WhiteElo "2560"]
[BlackElo "2347"]
[PlyCount "125"]
[EventDate "2011.06.10"]
[EventType "swiss"]
[EventRounds "7"]
[EventCountry "NED"]
[Source "P.Boonen"]
[SourceDate "2012.01.01"]

1. e4 c6 2. d4 d5 3. e5 Bf5 4. Nf3 e6 5. Be2 c5 6. Be3 cxd4 7. Nxd4 Ne7 8. Nd2
Nbc6 9. N2f3 Be4 10. O-O Ng6 11. Nxc6 bxc6 12. Ng5 Be7 13. Nxe4 dxe4 14. Qd4
Qd5 15. Qc3 O-O 16. f4 exf3 17. Bxf3 Qxe5 18. Bd4 Qg5 19. Qxc6 Rac8 20. Qa4 Bc5
21. c3 Rfd8 22. Rad1 Bxd4+ 23. cxd4 Rc7 24. Kh1 Nh4 25. Be4 f5 26. Qa5 Qe7 27.
Bb1 Rcd7 28. Qa4 Qf6 29. d5 Rxd5 30. Rxd5 exd5 31. g3 Ng6 32. Bxf5 Qxb2 33.
Qxa7 Qe2 34. Rf2 Qe7 35. Qd4 Qd6 36. Re2 Ne7 37. Re6 Qc7 38. Qe3 d4 39. Qe2 Ng6
40. Bd3 Rc8 41. Kg2 Nf8 42. Re7 Qc6+ 43. Be4 Qd6 44. Rb7 Qe6 45. Re7 Qd6 46.
Rxg7+ Kxg7 47. Qg4+ Ng6 48. Qxc8 Qa3 49. Qc2 Ne5 50. Qc7+ Kf6 51. Qd8+ Kg7 52.
Qg5+ Ng6 53. Qd5 Qe3 54. h4 Qe2+ 55. Kh3 Qf1+ 56. Bg2 Qf6 57. a4 h5 58. a5 Ne5
59. Qxd4 Kg8 60. Qd5+ Kg7 61. Qd4 Kg8 62. Bd5+ Kh7 63. Kg2 1-0

[Event "ENCI Limburg-open A"]
[Site "Maastricht"]
[Date "2011.06.13"]
[Round "6"]
[White "Friese, Henning"]
[Black "Kampman, Tijmen"]
[Result "0-1"]
[WhiteElo "2077"]
[BlackElo "2108"]
[PlyCount "54"]
[EventDate "2011.06.10"]
[EventType "swiss"]
[EventRounds "7"]
[EventCountry "NED"]
[Source "P.Boonen"]
[SourceDate "2012.01.01"]

1. d4 e6 2. c4 b6 3. e4 Bb7 4. Bd3 g6 5. Nc3 Bg7 6. Nge2 Ne7 7. Be3 O-O 8. Qd2
Re8 9. h4 d5 10. f3 c5 11. cxd5 exd5 12. Nxd5 Nxd5 13. exd5 cxd4 14. Bh6 Bh8
15. h5 Bxd5 16. Kf2 Nc6 17. Nf4 Ne5 18. Bb5 Bc6 19. hxg6 hxg6 20. Bxc6 Nxc6 21.
Rh3 Qe7 22. Nd3 Ne5 23. Nxe5 Qxe5 24. Rah1 Bf6 25. Bf4 Qd5 26. Rh7 d3 27. Kg3
Rac8 0-1

[Event "ENCI Limburg-open A"]
[Site "Maastricht"]
[Date "2011.06.13"]
[Round "6"]
[White "Fuhs, Juergen"]
[Black "Schleipfenbauer, Frank"]
[Result "0-1"]
[WhiteElo "2133"]
[BlackElo "2124"]
[PlyCount "48"]
[EventDate "2011.06.10"]
[EventType "swiss"]
[EventRounds "7"]
[EventCountry "NED"]
[Source "P.Boonen"]
[SourceDate "2012.01.01"]

1. e4 Nf6 2. e5 Nd5 3. d4 d6 4. c4 Nb6 5. exd6 exd6 6. Nc3 Nc6 7. Be3 Be7 8.
Rc1 O-O 9. Nf3 Bg4 10. Bd3 Nb4 11. Be2 Bxf3 12. gxf3 d5 13. a3 Nc6 14. c5 Nc4
15. Bxc4 dxc4 16. O-O Bf6 17. d5 Ne5 18. Ne4 Nd3 19. Nxf6+ Qxf6 20. Rc2 Rad8
21. Qe2 Rfe8 22. Qd2 Ne5 23. Qd1 Nxf3+ 24. Kh1 Re5 0-1

[Event "ENCI Limburg-open A"]
[Site "Maastricht"]
[Date "2011.06.13"]
[Round "6"]
[White "Goes, Sten"]
[Black "Haast, Mark"]
[Result "1/2-1/2"]
[WhiteElo "2099"]
[BlackElo "2249"]
[PlyCount "48"]
[EventDate "2011.06.10"]
[EventType "swiss"]
[EventRounds "7"]
[EventCountry "NED"]
[Source "P.Boonen"]
[SourceDate "2012.01.01"]

1. e4 c5 2. Nf3 Nc6 3. d4 cxd4 4. Nxd4 Nf6 5. Nc3 d6 6. Bg5 Bd7 7. Qd2 Rc8 8.
O-O-O Nxd4 9. Qxd4 Qa5 10. f4 Rxc3 11. bxc3 e5 12. fxe5 dxe5 13. Qd3 Ba3+ 14.
Kd2 Bc6 15. Bxf6 gxf6 16. Qf3 Rg8 17. g3 Bb2 18. Rb1 Qxa2 19. Qxf6 Qxb1 20.
Qxe5+ Kf8 21. Qc5+ Kg7 22. Qg5+ Kf8 23. Qc5+ Kg7 24. Qg5+ Kf8 1/2-1/2

[Event "ENCI Limburg-open A"]
[Site "Maastricht"]
[Date "2011.06.13"]
[Round "6"]
[White "Heltzel, Joost"]
[Black "Henrichs, Thomas"]
[Result "0-1"]
[WhiteElo "2228"]
[BlackElo "2469"]
[PlyCount "50"]
[EventDate "2011.06.10"]
[EventType "swiss"]
[EventRounds "7"]
[EventCountry "NED"]
[Source "P.Boonen"]
[SourceDate "2012.01.01"]

1. d4 Nf6 2. Nf3 g6 3. c4 Bg7 4. Nc3 d5 5. Qb3 dxc4 6. Qxc4 O-O 7. e4 a6 8. e5
b5 9. Qb3 Nfd7 10. e6 fxe6 11. Be3 Nf6 12. h4 Nc6 13. Rc1 Qd6 14. Be2 Kh8 15.
Qc2 Bb7 16. h5 Nxh5 17. Nh4 Kg8 18. Nxg6 hxg6 19. Qxg6 Nf6 20. Ne4 Qb4+ 21. Kf1
Nxd4 22. Bd3 Bxe4 23. Bxe4 Nf5 24. Bxa8 Nxe3+ 25. fxe3 Qd2 0-1

[Event "ENCI Limburg-open A"]
[Site "Maastricht"]
[Date "2011.06.13"]
[Round "6"]
[White "Iseringhausen, Martin"]
[Black "De Wit, Albert"]
[Result "1-0"]
[WhiteElo "2064"]
[BlackElo "2054"]
[PlyCount "99"]
[EventDate "2011.06.10"]
[EventType "swiss"]
[EventRounds "7"]
[EventCountry "NED"]
[Source "P.Boonen"]
[SourceDate "2012.01.01"]

1. e4 g6 2. Nc3 Bg7 3. g3 d6 4. Bg2 e5 5. d3 Nc6 6. Be3 Nd4 7. Qd2 c5 8. Nd5
Rb8 9. c3 Ne6 10. Ne2 f5 11. O-O Nf6 12. f4 exf4 13. Nexf4 Nxf4 14. Nxf6+ Bxf6
15. gxf4 b6 16. Rae1 O-O 17. Bf2 fxe4 18. Bxe4 Bh3 19. Bg2 Bxg2 20. Kxg2 Qd7
21. Qe2 Qc6+ 22. Qe4 d5 23. Qe6+ Qxe6 24. Rxe6 Kf7 25. Rfe1 Rfe8 26. Rd6 Rxe1
27. Bxe1 Ke7 28. Rc6 Rb7 29. Kf3 Rd7 30. Bg3 Kf7 31. Kg4 h5+ 32. Kf3 d4 33. c4
Re7 34. Bf2 Kg7 35. a4 Kf7 36. a5 Re6 37. Rc8 Re8 38. Rxe8 Kxe8 39. axb6 axb6
40. Ke4 Kd7 41. Kd5 Be7 42. Bg3 h4 43. Be1 h3 44. Bg3 Bd6 45. Ke4 Ke8 46. Bh4
Bc7 47. Bg5 Bd6 48. b3 Be7 49. Bxe7 Kxe7 50. Kf3 1-0

[Event "ENCI Limburg-open A"]
[Site "Maastricht"]
[Date "2011.06.13"]
[Round "6"]
[White "Jagodzinski, Andreas"]
[Black "Perrenet, Jacob"]
[Result "1-0"]
[WhiteElo "2163"]
[BlackElo "2059"]
[PlyCount "81"]
[EventDate "2011.06.10"]
[EventType "swiss"]
[EventRounds "7"]
[EventCountry "NED"]
[Source "P.Boonen"]
[SourceDate "2012.01.01"]

1. d4 Nc6 2. d5 Ne5 3. e4 e6 4. f4 Ng6 5. dxe6 fxe6 6. Nf3 Bc5 7. Nc3 Qe7 8.
Bd3 b6 9. a3 a5 10. Qe2 Bb7 11. Bd2 Nf6 12. e5 Nd5 13. Nxd5 Bxd5 14. Ng5 Rf8
15. Rf1 O-O-O 16. g3 Rf5 17. Ne4 Bd4 18. Nc3 Bc6 19. Bxf5 exf5 20. O-O-O Bc5
21. Nb5 Kb7 22. Qc4 Qe8 23. Nd4 Be4 24. Nb3 d5 25. Nxc5+ bxc5 26. Qxc5 Nf8 27.
Be3 Ra8 28. Rxd5 Kc8 29. Rd2 Ne6 30. Qc4 Kb7 31. Rfd1 Ra6 32. Qb3+ Ka8 33. c3
Bc6 34. Qc4 Bb5 35. Qd5+ Bc6 36. Qd3 Bb5 37. Qxf5 Rc6 38. Qe4 Kb8 39. f5 Qe7
40. fxe6 Rxc3+ 41. bxc3 1-0

[Event "ENCI Limburg-open A"]
[Site "Maastricht"]
[Date "2011.06.13"]
[Round "6"]
[White "Jahncke, Giso"]
[Black "Coenen, Eduard"]
[Result "1-0"]
[WhiteElo "2208"]
[BlackElo "2093"]
[PlyCount "53"]
[EventDate "2011.06.10"]
[EventType "swiss"]
[EventRounds "7"]
[EventCountry "NED"]
[Source "P.Boonen"]
[SourceDate "2012.01.01"]

1. e4 g6 2. d4 Bg7 3. Nc3 d6 4. Be3 Nc6 5. Bb5 a6 6. Bxc6+ bxc6 7. Qd2 Rb8 8.
O-O-O Bd7 9. f4 Nf6 10. Nf3 c5 11. e5 Ng4 12. dxc5 Nxe3 13. Qxe3 O-O 14. Nd4 e6
15. h4 h5 16. g4 hxg4 17. h5 gxh5 18. Rxh5 f5 19. Rg5 Qxg5 20. fxg5 dxe5 21.
Nxf5 exf5 22. Rxd7 Rbe8 23. Nd5 f4 24. Qe4 Re6 25. Nxc7 Rfe8 26. Nxe8 Rxe8 27.
Qg6 1-0

[Event "ENCI Limburg-open A"]
[Site "Maastricht"]
[Date "2011.06.13"]
[Round "6"]
[White "Loehnhardt, Benjamin"]
[Black "Oosterman, Maarten Jan"]
[Result "1-0"]
[WhiteElo "2058"]
[BlackElo "2010"]
[PlyCount "109"]
[EventDate "2011.06.10"]
[EventType "swiss"]
[EventRounds "7"]
[EventCountry "NED"]
[Source "P.Boonen"]
[SourceDate "2012.01.01"]

1. e4 c6 2. Nc3 d5 3. Nf3 Bg4 4. h3 Bxf3 5. Qxf3 dxe4 6. Nxe4 Nd7 7. Ng5 Nh6 8.
d4 Qa5+ 9. Bd2 Qd5 10. Qc3 Nb6 11. a4 a5 12. Be2 e6 13. Qd3 Nf5 14. c3 Be7 15.
Bf3 Qc4 16. Qb1 Nh4 17. Be4 Qb3 18. g3 Nf5 19. O-O Nc4 20. Bc1 g6 21. Re1 Ncd6
22. Bc2 Qb6 23. Qa2 Qd8 24. Nf3 O-O 25. Bb3 Bf6 26. Bf4 Re8 27. Re2 g5 28. Be5
Bxe5 29. Nxe5 Qf6 30. Qa3 Rad8 31. Qc5 h5 32. Qxa5 Kg7 33. Nd3 Nh6 34. Qe5 h4
35. Qxf6+ Kxf6 36. g4 Kg7 37. f4 gxf4 38. Nxf4 Kf6 39. Rae1 Ke7 40. Ng2 Rh8 41.
Kh2 Rdg8 42. Nf4 Rg7 43. c4 Kd7 44. d5 cxd5 45. cxd5 exd5 46. Re7+ Kc6 47.
Bxd5+ Kc5 48. Rc1+ Kd4 49. Rd1+ Kc5 50. Rc7+ Kb6 51. Rd7 Kc5 52. Bxb7 Nxb7 53.
Rxb7 Kc6 54. Rbd7 Rg5 55. b4 1-0

[Event "ENCI Limburg-open A"]
[Site "Maastricht"]
[Date "2011.06.13"]
[Round "6"]
[White "Luncescu, Christian"]
[Black "Memeti, Kastriot"]
[Result "0-1"]
[WhiteElo "2190"]
[BlackElo "2209"]
[PlyCount "96"]
[EventDate "2011.06.10"]
[EventType "swiss"]
[EventRounds "7"]
[EventCountry "NED"]
[Source "P.Boonen"]
[SourceDate "2012.01.01"]

1. e4 e6 2. d3 d5 3. Nd2 c5 4. Ngf3 Nc6 5. g3 Bd6 6. Bg2 Nge7 7. O-O f6 8. Nh4
O-O 9. f4 Bd7 10. c3 b5 11. f5 Qb6 12. fxe6 Bxe6 13. Nf5 Nxf5 14. exf5 Bf7 15.
Nf3 d4 16. cxd4 cxd4 17. Nd2 Rac8 18. Ne4 Be5 19. Bd2 a5 20. b3 Ne7 21. Qg4 Kh8
22. Rfe1 Rc2 23. Rec1 Rfc8 24. Qd1 R2c7 25. Qe1 b4 26. g4 Nd5 27. Ng5 Bg8 28.
Bxd5 Bxd5 29. Ne4 Qb8 30. h3 Bh2+ 31. Kh1 Be5 32. Rxc7 Rxc7 33. Kg1 h6 34. Rc1
Bh2+ 35. Kf2 Rxc1 36. Bxc1 Bf4 37. Bxf4 Qxf4+ 38. Kg2 h5 39. Qe2 h4 40. Qf3 Qc1
41. Qf2 Bxe4+ 42. dxe4 d3 43. Qxh4+ Kg8 44. Qh5 Qd2+ 45. Kf1 Qe2+ 46. Kg1 Qe1+
47. Kh2 Qxe4 48. g5 Qe2+ 0-1

[Event "ENCI Limburg-open A"]
[Site "Maastricht"]
[Date "2011.06.13"]
[Round "6"]
[White "Magnussen, Helge"]
[Black "Bus, Tom"]
[Result "0-1"]
[WhiteElo "2131"]
[BlackElo "2206"]
[PlyCount "94"]
[EventDate "2011.06.10"]
[EventType "swiss"]
[EventRounds "7"]
[EventCountry "NED"]
[Source "P.Boonen"]
[SourceDate "2012.01.01"]

1. d4 Nf6 2. c4 Nc6 3. Nf3 e6 4. Nc3 Bb4 5. a3 Bxc3+ 6. bxc3 d6 7. Bg5 h6 8.
Bh4 O-O 9. Qc2 Qe7 10. e3 Re8 11. Be2 e5 12. O-O Bg4 13. Nxe5 Bxe2 14. Nxc6
bxc6 15. Qxe2 g5 16. Bg3 Ne4 17. Rac1 Rab8 18. Rfe1 Rb3 19. f3 Nxg3 20. hxg3
Reb8 21. e4 Qe6 22. d5 cxd5 23. cxd5 Qe5 24. f4 gxf4 25. gxf4 Qxf4 26. Rf1 Qg3
27. Qh5 Qg6 28. Qxg6+ fxg6 29. Rf6 Rb1 30. Rxb1 Rxb1+ 31. Kf2 Kg7 32. Rf3 Ra1
33. c4 Rc1 34. Rb3 Rxc4 35. Rb7 a5 36. Ra7 Kf6 37. Ke3 Ke5 38. Rxa5 Rxe4+ 39.
Kf3 Rc4 40. Ra8 Kxd5 41. Rg8 Rc3+ 42. Ke2 g5 43. Rh8 Rxa3 44. Rxh6 g4 45. Rh5+
Ke4 46. Kf2 g3+ 47. Kf1 Ke3 0-1

[Event "ENCI Limburg-open A"]
[Site "Maastricht"]
[Date "2011.06.13"]
[Round "6"]
[White "Meng, Roger"]
[Black "Van Dijk, Harold"]
[Result "1-0"]
[WhiteElo "2255"]
[BlackElo "2329"]
[PlyCount "95"]
[EventDate "2011.06.10"]
[EventType "swiss"]
[EventRounds "7"]
[EventCountry "NED"]
[Source "P.Boonen"]
[SourceDate "2012.01.01"]

1. e4 Nc6 2. Nf3 e6 3. d4 d5 4. Nbd2 Nf6 5. e5 Ne4 6. c3 f6 7. exf6 Nxf6 8. Bd3
Bd6 9. O-O O-O 10. Re1 Qe8 11. Nf1 Ne4 12. Bxe4 dxe4 13. Rxe4 Qg6 14. Qe2 Bd7
15. Ng3 Rae8 16. Ne5 Nxe5 17. dxe5 Bc5 18. Be3 Bxe3 19. Qxe3 Bc6 20. Rd4 Rd8
21. Rad1 Rxd4 22. Qxd4 Qc2 23. Qd2 Qxd2 24. Rxd2 Kf7 25. h4 Ke7 26. f3 Rf4 27.
Rd4 Rxd4 28. cxd4 Be8 29. Kf2 Kd7 30. Ne4 b6 31. Ke3 h6 32. g4 a5 33. f4 Bf7
34. a3 Bg6 35. Ng3 Ke7 36. f5 Be8 37. fxe6 g6 38. h5 Kxe6 39. g5 hxg5 40. h6
Kf7 41. Ne4 g4 42. Nf6 Ba4 43. Kf4 c6 44. Kxg4 Bb3 45. Kf4 b5 46. Nd7 a4 47.
Nc5 Ba2 48. Kg5 1-0

[Event "ENCI Limburg-open A"]
[Site "Maastricht"]
[Date "2011.06.13"]
[Round "6"]
[White "Mengerink, Ynze"]
[Black "Krueger, Norbert"]
[Result "1/2-1/2"]
[WhiteElo "2147"]
[BlackElo "2110"]
[PlyCount "32"]
[EventDate "2011.06.10"]
[EventType "swiss"]
[EventRounds "7"]
[EventCountry "NED"]
[Source "P.Boonen"]
[SourceDate "2012.01.01"]

1. e4 c5 2. Nf3 e6 3. Nc3 a6 4. d4 cxd4 5. Nxd4 Qc7 6. Be2 Nf6 7. a3 Nc6 8. Be3
b5 9. Nxc6 dxc6 10. Qd2 e5 11. O-O Be7 12. f3 O-O 13. Rfd1 Be6 14. Bd3 Rfd8 15.
Qf2 c5 16. Bf1 Rac8 1/2-1/2

[Event "ENCI Limburg-open A"]
[Site "Maastricht"]
[Date "2011.06.13"]
[Round "6"]
[White "Michielsen, Joost"]
[Black "Heinichen, Nils"]
[Result "1-0"]
[WhiteElo "2338"]
[BlackElo "2058"]
[PlyCount "73"]
[EventDate "2011.06.10"]
[EventType "swiss"]
[EventRounds "7"]
[EventCountry "NED"]
[Source "P.Boonen"]
[SourceDate "2012.01.01"]

1. e4 c5 2. Nf3 Nc6 3. Nc3 d6 4. d4 cxd4 5. Nxd4 e5 6. Nf5 Bxf5 7. exf5 Nge7 8.
f6 Ng6 9. fxg7 Bxg7 10. Bc4 Qd7 11. O-O O-O 12. Be3 Kh8 13. Qd2 Nh4 14. f3 Nf5
15. Bf2 Bh6 16. Qd3 Rg8 17. Nd5 Rg6 18. Kh1 Rag8 19. Rg1 Nfd4 20. c3 Ne6 21.
Qf5 Bg5 22. Be3 Bxe3 23. Nxe3 Ne7 24. Bxe6 fxe6 25. Qd3 Nf5 26. Nxf5 exf5 27.
f4 Qc6 28. Qe2 e4 29. Rad1 Rg4 30. Qe3 R8g6 31. Rd4 Qb5 32. b3 Qc5 33. Qd2 Rg3
34. c4 e3 35. Qc3 e2 36. Rd3+ Kg8 37. Rxg3 1-0

[Event "ENCI Limburg-open A"]
[Site "Maastricht"]
[Date "2011.06.13"]
[Round "6"]
[White "Miedema, David"]
[Black "Hoornstra, Hans"]
[Result "1-0"]
[WhiteElo "2409"]
[BlackElo "1967"]
[PlyCount "79"]
[EventDate "2011.06.10"]
[EventType "swiss"]
[EventRounds "7"]
[EventCountry "NED"]
[Source "P.Boonen"]
[SourceDate "2012.01.01"]

1. d4 Nf6 2. c4 e6 3. Nf3 c5 4. d5 exd5 5. cxd5 d6 6. Nc3 g6 7. Nd2 Bg7 8. e4
O-O 9. Be2 Nbd7 10. O-O Ne5 11. a4 g5 12. Ra3 h6 13. Qc2 Ng6 14. Nc4 Qe7 15.
Re1 a6 16. Rb3 Nd7 17. Ne3 Nde5 18. Nf5 Bxf5 19. exf5 Nh4 20. Ne4 Nxf5 21. Nxg5
Qd7 22. g4 hxg5 23. Qxf5 Qxf5 24. gxf5 f6 25. f4 gxf4 26. Bxf4 Rae8 27. Kf2 Nf7
28. Rxb7 Rb8 29. Bxa6 Rxb7 30. Bxb7 Rb8 31. Re7 Nd8 32. Re8+ Kf7 33. Rxd8 Rxb7
34. Bxd6 Rxb2+ 35. Kf3 Bh6 36. Bxc5 Rc2 37. Rd7+ Ke8 38. Re7+ Kd8 39. Rh7 Bd2
40. Be7+ 1-0

[Event "ENCI Limburg-open A"]
[Site "Maastricht"]
[Date "2011.06.13"]
[Round "6"]
[White "Mueer, Sebastian"]
[Black "Vogel, Jaap"]
[Result "1/2-1/2"]
[WhiteElo "2257"]
[BlackElo "2223"]
[PlyCount "68"]
[EventDate "2011.06.10"]
[EventType "swiss"]
[EventRounds "7"]
[EventCountry "NED"]
[Source "P.Boonen"]
[SourceDate "2012.01.01"]

1. c4 c6 2. g3 d5 3. Nf3 Nf6 4. Bg2 g6 5. b3 Bg7 6. Bb2 O-O 7. O-O a5 8. d3 Bg4
9. Nbd2 Nbd7 10. Rc1 Bxf3 11. Nxf3 e6 12. Qc2 c5 13. Ne5 d4 14. Nxd7 Qxd7 15.
a3 Rab8 16. b4 axb4 17. axb4 cxb4 18. Qb3 Rfc8 19. Qxb4 e5 20. Qb3 Bf8 21. Ba3
Bxa3 22. Qxa3 b5 23. cxb5 Qxb5 24. Qe7 Kg7 25. Bh3 Re8 26. Qd6 Rb6 27. Qc7 Rb7
28. Qc2 Qb2 29. Qd1 Nd5 30. Bg2 Nc3 31. Rxc3 dxc3 32. Bxb7 Qxb7 33. Qc2 Rc8 34.
Rb1 Qc6 1/2-1/2

[Event "ENCI Limburg-open A"]
[Site "Maastricht"]
[Date "2011.06.13"]
[Round "6"]
[White "Noiroux, Kevin"]
[Black "Van Oosterom, Chiel"]
[Result "1/2-1/2"]
[WhiteElo "2185"]
[BlackElo "2422"]
[PlyCount "68"]
[EventDate "2011.06.10"]
[EventType "swiss"]
[EventRounds "7"]
[EventCountry "NED"]
[Source "P.Boonen"]
[SourceDate "2012.01.01"]

1. e4 c5 2. Nc3 Nc6 3. f4 g6 4. Bb5 Nd4 5. Nf3 Bg7 6. O-O Nxb5 7. Nxb5 d5 8.
exd5 a6 9. Nc3 Nf6 10. d4 c4 11. Ne5 Nxd5 12. Nxc4 Nxc3 13. bxc3 Qc7 14. Ne5
Qxc3 15. Rb1 O-O 16. Rb3 Qc7 17. c4 f6 18. Nf3 Qxc4 19. Ba3 Re8 20. Re1 b5 21.
Qd2 Bb7 22. Bxe7 Qc7 23. Rc3 Qd7 24. Bc5 Rxe1+ 25. Qxe1 Rc8 26. Re3 Bxf3 27.
Re7 Qc6 28. Re6 Qa8 29. gxf3 a5 30. Re7 Qc6 31. Re6 Qd7 32. Re7 Qc6 33. Re6 Qd7
34. Re7 Qc6 1/2-1/2